00371nam a2200145Ia 4500003000400000008004100004040001600045082001700061100001500078245004700093260005200140300001000192650001200202650001100214GCL140319s9999 xx 000 0 eng d aGCL / cGCL04a957.025bP H1 aPAUL, JEAN10aHISTOIRE DE L'EMPIRE MONGOL / cPAUL, JEAN a[S.N] : bLIBRAIRE GENERALE FRANCAISE ، c1995 a597 P04aHISTORY04aMONGOL